Cargo work (Record no. 11613)

000 -LEADER
fixed length control field 00256nam a22001097a 4500
008 - FIXED-LENGTH DATA ELEMENTS--GENERAL INFORMATION
fixed length control field 200403b ||||| |||| 00| 0 eng d
100 1# - MAIN ENTRY--PERSONAL NAME
Personal name Kemp, J . F.
245 10 - TITLE STATEMENT
Title Cargo work
260 ## - PUBLICATION, DISTRIBUTION, ETC. (IMPRINT)
Place of publication, distribution, etc Butterworths
Name of publisher, distributor, etc Butterworths
Date of publication, distribution, etc 1996
300 ## - PHYSICAL DESCRIPTION
Extent 124p.
942 ## - ADDED ENTRY ELEMENTS (KOHA)
Item type Books
Holdings
Withdrawn status Lost status Source of classification or shelving scheme Damaged status Not for loan Collection code Permanent location Current location Shelving location Date acquired Total Checkouts Full call number Barcode Date last seen Date last borrowed Koha item type Public note
          Non-fiction IMU-MPC Library IMU-MPC Library Reference 2020-04-03 2 Column-14 LBS12210 2025-03-17 2022-06-02 Books Column-14
Copyright © 2021 Indian Maritime University, Mumbai Port Campus. All Rights Reserved. Managed & Maintained by Central Library, IMU-Mumbai

webs counters

Powered by Koha